000 00625nam a2200229Ia 4500
003 OSt
005 20220928130221.0
006 a|||||r|||| 00| 0
007 ta
008 220927b |||||||| |||| 00| 0 eng d
024 _a11292
037 _cTextual
040 _aSDCL
_cSDCL
_beng
041 _2eng
_aeng
082 _aX:5381, P5
100 _aVasudeva P K
_9444608
245 0 _aWorld Trade Organization
_bImplications for Indian economy
260 _aIndia
_bPearson Education
_c2005
300 _axx,529p
_ccm.
942 _hX:5381, P5
_cTEXL
_2CC
999 _c785723
_d785723